000 00428nam a2200181Ia 4500
001 10239
005 20260306161817.0
008 260306t2019||||xx |||||||||||||| ||spa||
041 _aESP
082 _a909.81
_bH62C 2019
100 _aHobsbawm, Eric
_eAUT
245 0 _aLa era del capital, 1848-1875
260 _c2019
300 _a358 páginas :
_c20 cm.
650 _aGEN
654 _aCHU
942 _cLIB
_dJUS
_fJUS
_2ddc
_n
999 _c10239
_d10239